[Event "9th RTU Open 2019"]
[Site "Riga"]
[Date "2019.08.08"]
[Round "5.4"]
[White "Gajewski, Grzegorz"]
[Black "Grigorov, Grigor"]
[Result "1/2-1/2"]
[WhiteElo "2613"]
[BlackElo "2501"]
[Annotator "ChessBase"]
[PlyCount "101"]
[EventDate "2019.08.05"]
[EventType "swiss"]
[EventCountry "LAT"]
[SourceTitle "playchess.com"]
[Source "ChessBase"]
[SourceQuality "1"]
[TimeControl "5400+30"]

1. d4 {[%emt 0:02:09]} Nf6 {[%emt 0:00:00]} 2. Nf3 {[%emt 0:00:16]} e6 {[%emt 0:00:00]} 3. Bf4 {[%emt 0:00:15]} d5 {[%emt 0:00:12]} 4. e3 {[%emt 0:00:07]} Bd6 {[%emt 0:00:09]} 5. Ne5 {[%emt 0:01:16]} O-O {[%emt 0:00:29]} 6. Nd2 {[%emt 0:00:18]} c5 {[%emt 0:01:27]} 7. c3 {[%emt 0:00:18]} Qc7 {[%emt 0:03:32]} 8. Bd3 {[%emt 0:00:21]} Nc6 {[%emt 0:07:19]} 9. Ndf3 {[%emt 0:00:36]} Ne4 {[%emt 0:04:24]} 10. O-O {[%emt 0:01:00]} f6 {[%emt 0:02:32]} 11. Nxc6 {[%emt 0:01:02]} Bxf4 {[%emt 0:03:30]} 12. exf4 {[%emt 0:03:15]} bxc6 {[%emt 0:07:59]} 13. g3 {[%emt 0:04:47]} Qb6 {[%emt 0:02:49]} 14. Bxe4 {[%emt 0:10:45]} dxe4 {[%emt 0:00:11]} 15. dxc5 {[%emt 0:00:03]} Qxc5 {[%emt 0:04:25]} 16. Qd4 {[%emt 0:01:16]} Qf5 {[%emt 0:12:31]} 17. Nh4 {[%emt 0:02:55]} Qd5 {[%emt 0:00:26]} 18. Qa4 {[%emt 0:05:31]} e3 {[%emt 0:06:44]} 19. fxe3 {[%emt 0:02:21]} Qd2 {[%emt 0:02:38]} 20. Rf2 {[%emt 0:19:01]} Qxe3 {[%emt 0:00:33]} 21. Qxc6 {[%emt 0:00:14]} Rb8 {[%emt 0:01:09]} 22. Ng2 {[%emt 0:01:32]} Qd3 {[%emt 0:00:46]} 23. Re1 {[%emt 0:06:55]} Rb6 {[%emt 0:00:56]} 24. Qe4 {[%emt 0:04:22]} Qd7 {[%emt 0:00:18]} 25. c4 {[%emt 0:05:18]} Rd6 {[%emt 0:02:20]} 26. c5 {[%emt 0:00:59]} Rd4 {[%emt 0:00:22]} 27. Qe3 {[%emt 0:03:27]} Rd8 {[%emt 0:01:22]} 28. a3 {[%emt 0:03:51]} a5 {[%emt 0:02:50]} 29. Qc3 {[%emt 0:00:20]} Qb5 {[%emt 0:03:33]} 30. Rc2 {[%emt 0:00:51]} Rd3 {[%emt 0:08:34]} 31. Qc4 {[%emt 0:00:02]} Qxc4 {[%emt 0:02:05]} 32. Rxc4 {[%emt 0:00:02]} Rd2 {[%emt 0:00:06]} 33. b4 {[%emt 0:01:12]} axb4 {[%emt 0:00:08]} 34. axb4 {[%emt 0:00:03]} Rb2 {[%emt 0:00:27]} 35. c6 {[%emt 0:01:16]} Rdd2 {[%emt 0:02:49]} 36. Ne3 {[%emt 0:00:01]} Kf7 {[%emt 0:01:08]} 37. c7 {[%emt 0:03:59]} Ke8 {[%emt 0:00:46]} 38. Rd1 {[%emt 0:01:28]} Rxd1+ {[%emt 0:05:17]} 39. Nxd1 {[%emt 0:00:04]} Rb1 {[%emt 0:00:05]} 40. Rd4 {[%emt 0:00:04]} Bd7 {[%emt 0:00:08]} 41. Kf2 {[%emt 0:05:31]} Rc1 {[%emt 0:00:08]} 42. b5 {[%emt 0:00:20]} Rxc7 {[%emt 0:00:10]} 43. b6 {[%emt 0:00:03]} Rb7 {[%emt 0:01:34]} 44. Rb4 {[%emt 0:01:36]} Ke7 {[%emt 0:00:21]} 45. Nb2 {[%emt 0:00:45]} Kd6 {[%emt 0:00:34]} 46. Ke3 {[%emt 0:02:15]} Kc5 {[%emt 0:00:57]} 47. Nd3+ {[%emt 0:00:25]} Kc6 {[%emt 0:00:11]} 48. Rc4+ {[%emt 0:04:06]} Kxb6 {[%emt 0:00:28]} 49. Nc5 {[%emt 0:00:02]} Ra7 {[%emt 0:00:55]} 50. Nxd7+ {[%emt 0:00:04]} Rxd7 {[%emt 0:00:05]} 51. Rc8 {[%emt 0:00:05]} 1/2-1/2

[Event "9th RTU Open 2019"]
[Site "Riga"]
[Date "2019.08.08"]
[Round "5.5"]
[White "Sulskis, Sarunas"]
[Black "Svane, Rasmus"]
[Result "1-0"]
[WhiteElo "2528"]
[BlackElo "2615"]
[Annotator "ChessBase"]
[PlyCount "161"]
[EventDate "2019.08.05"]
[EventType "swiss"]
[EventCountry "LAT"]
[SourceTitle "playchess.com"]
[Source "ChessBase"]
[SourceQuality "1"]
[TimeControl "5400+30"]

1. e4 {[%emt 0:00:00]} e5 {[%emt 0:00:00]} 2. Nf3 {[%emt 0:00:18]} Nc6 {[%emt 0:00:00]} 3. Bb5 {[%emt 0:02:59]} a6 {[%emt 0:00:47]} 4. Ba4 {[%emt 0:00:07]} Nf6 {[%emt 0:00:10]} 5. O-O {[%emt 0:00:19]} Be7 {[%emt 0:00:18]} 6. Re1 {[%emt 0:00:24]} b5 {[%emt 0:00:19]} 7. Bb3 {[%emt 0:00:05]} O-O {[%emt 0:00:49]} 8. d4 {[%emt 0:04:14]} Nxd4 {[%emt 0:02:46]} 9. Bxf7+ {[%emt 0:00:20]} Rxf7 {[%emt 0:00:43]} 10. Nxe5 {[%emt 0:00:07]} Rf8 {[%emt 0:00:19]} 11. Qxd4 {[%emt 0:00:08]} Bb7 {[%emt 0:03:43]} 12. Nc3 {[%emt 0:04:58]} c5 {[%emt 0:00:50]} 13. Qd1 {[%emt 0:02:11]} b4 {[%emt 0:21:03]} 14. Nd5 {[%emt 0:01:51]} Nxd5 {[%emt 0:00:52]} 15. exd5 {[%emt 0:00:09]} Bd6 {[%emt 0:00:23]} 16. c4 {[%emt 0:16:09]} bxc3 {[%emt 0:26:49]} 17. bxc3 {[%emt 0:00:54]} Rxf2 {[%emt 0:05:27]} 18. Nf3 {[%emt 0:18:16]} Rxf3 {[%emt 0:00:41]} 19. gxf3 {[%emt 0:00:59]} Qf6 {[%emt 0:05:08]} 20. Re4 {[%emt 0:09:49]} Qg6+ {[%emt 0:10:59]} 21. Rg4 {[%emt 0:02:43]} Qh5 {[%emt 0:00:08]} 22. Bf4 {[%emt 0:02:29]} Bxf4 {[%emt 0:01:03]} 23. Rxf4 {[%emt 0:00:07]} Bxd5 {[%emt 0:01:10]} 24. Qd3 {[%emt 0:00:52]} Be6 {[%emt 0:04:57]} 25. Kh1 {[%emt 0:02:18]} Rb8 {[%emt 0:03:46]} 26. Qd6 {[%emt 0:01:45]} Re8 {[%emt 0:01:13]} 27. Rg1 {[%emt 0:00:53]} Qd5 {[%emt 0:04:48]} 28. Qxd5 {[%emt 0:05:27]} Bxd5 {[%emt 0:00:02]} 29. Rg5 {[%emt 0:00:17]} Bxa2 {[%emt 0:03:50]} 30. Rxc5 {[%emt 0:00:34]} Be6 {[%emt 0:00:29]} 31. Kg2 {[%emt 0:00:34]} Rb8 {[%emt 0:00:56]} 32. Rb4 {[%emt 0:00:18]} Ra8 {[%emt 0:00:09]} 33. Kg3 {[%emt 0:01:22]} Kf7 {[%emt 0:00:21]} 34. h4 {[%emt 0:00:37]} g6 {[%emt 0:00:40]} 35. Rb6 {[%emt 0:02:25]} h5 {[%emt 0:01:19]} 36. Kf4 {[%emt 0:01:13]} Kg7 {[%emt 0:00:27]} 37. Ke3 {[%emt 0:03:45]} Kf7 {[%emt 0:00:04]} 38. Ra5 {[%emt 0:02:09]} Rc8 {[%emt 0:00:11]} 39. Kd2 {[%emt 0:00:49]} Rc4 {[%emt 0:00:50]} 40. Rb4 {[%emt 0:00:22]} Rc6 {[%emt 0:00:55]} 41. Rd4 {[%emt 0:00:46]} Ke7 {[%emt 0:00:20]} 42. Ra3 {[%emt 0:03:01]} Bc4 {[%emt 0:00:22]} 43. Ke3 {[%emt 0:00:33]} d5 {[%emt 0:00:46]} 44. Kf4 {[%emt 0:00:44]} Kf6 {[%emt 0:00:22]} 45. Kg3 {[%emt 0:00:30]} Re6 {[%emt 0:00:15]} 46. Rf4+ {[%emt 0:03:08]} Ke7 {[%emt 0:00:10]} 47. Ra1 {[%emt 0:00:55]} Re3 {[%emt 0:00:48]} 48. Rb1 {[%emt 0:00:29]} Bb5 {[%emt 0:00:25]} 49. Rc1 {[%emt 0:01:26]} Re6 {[%emt 0:00:44]} 50. Rd4 {[%emt 0:01:07]} Re5 {[%emt 0:00:11]} 51. Rdd1 {[%emt 0:00:34]} Rf5 {[%emt 0:00:46]} 52. Rd2 {[%emt 0:00:34]} Re5 {[%emt 0:00:36]} 53. Kf2 {[%emt 0:00:17]} Kf6 {[%emt 0:00:27]} 54. Re1 {[%emt 0:01:14]} Rxe1 {[%emt 0:00:38]} 55. Kxe1 {[%emt 0:00:04]} Bc4 {[%emt 0:00:41]} 56. Rb2 {[%emt 0:00:35]} Bb5 {[%emt 0:00:16]} 57. Kf2 {[%emt 0:00:11]} Kf5 {[%emt 0:00:43]} 58. Ke3 {[%emt 0:00:36]} Bc4 {[%emt 0:00:27]} 59. Rb8 {[%emt 0:00:32]} Bb5 {[%emt 0:00:37]} 60. Kd4 {[%emt 0:00:43]} Bc4 {[%emt 0:00:24]} 61. Rf8+ {[%emt 0:00:40]} Ke6 {[%emt 0:00:03]} 62. Ke3 {[%emt 0:01:34]} Ke5 {[%emt 0:00:40]} 63. Rg8 {[%emt 0:01:36]} Kf5 {[%emt 0:00:10]} 64. Kd4 {[%emt 0:00:29]} Kf6 {[%emt 0:00:14]} 65. Kc5 {[%emt 0:00:56]} Kf7 {[%emt 0:01:07]} 66. Rb8 {[%emt 0:00:59]} Ke6 {[%emt 0:00:07]} 67. Re8+ {[%emt 0:00:21]} Kf7 {[%emt 0:00:40]} 68. Re1 {[%emt 0:00:42]} Kf6 {[%emt 0:00:31]} 69. Kd6 {[%emt 0:00:19]} Bb3 {[%emt 0:00:58]} 70. Re6+ {[%emt 0:01:36]} Kf7 {[%emt 0:00:34]} 71. Ke5 {[%emt 0:00:22]} a5 {[%emt 0:00:11]} 72. Ra6 {[%emt 0:00:13]} a4 {[%emt 0:00:07]} 73. Ra7+ {[%emt 0:00:05]} Ke8 {[%emt 0:00:50]} 74. Kf6 {[%emt 0:00:38]} Kd8 {[%emt 0:00:48]} 75. Kxg6 {[%emt 0:00:06]} Kc8 {[%emt 0:00:03]} 76. f4 {[%emt 0:00:31]} Kb8 {[%emt 0:00:02]} 77. Ra5 {[%emt 0:00:20]} Kc7 {[%emt 0:00:35]} 78. f5 {[%emt 0:00:12]} Kb6 {[%emt 0:00:33]} 79. f6 {[%emt 0:01:22]} d4 {[%emt 0:00:06]} 80. Rxa4 {[%emt 0:00:37]} Bxa4 {[%emt 0:00:05]} 81. cxd4 {[%emt 0:00:40]} 1-0

[Event "9th RTU Open 2019"]
[Site "Riga"]
[Date "2019.08.08"]
[Round "5.6"]
[White "Nevednichy, Vladislav"]
[Black "Gopal G.N."]
[Result "1/2-1/2"]
[WhiteElo "2531"]
[BlackElo "2594"]
[Annotator "ChessBase"]
[PlyCount "104"]
[EventDate "2019.08.05"]
[EventType "swiss"]
[EventCountry "LAT"]
[SourceTitle "playchess.com"]
[Source "ChessBase"]
[SourceQuality "1"]
[TimeControl "5400+30"]

1. e4 {[%emt 0:00:00]} c5 {[%emt 0:00:00]} 2. Nf3 {[%emt 0:00:00]} d6 {[%emt 0:00:00]} 3. d4 {[%emt 0:00:00]} cxd4 {[%emt 0:00:00]} 4. Qxd4 {[%emt 0:00:00]} Nf6 {[%emt 0:00:44]} 5. Bb5+ {[%emt 0:06:55]} Bd7 {[%emt 0:01:23]} 6. c4 {[%emt 0:08:18]} g6 {[%emt 0:00:35]} 7. Nc3 {[%emt 0:01:48]} Bg7 {[%emt 0:00:12]} 8. O-O {[%emt 0:03:05]} O-O {[%emt 0:00:25]} 9. Qd3 {[%emt 0:01:21]} a6 {[%emt 0:11:32]} 10. Bxd7 {[%emt 0:00:40]} Nfxd7 {[%emt 0:00:10]} 11. Bg5 {[%emt 0:07:21]} Nc6 {[%emt 0:02:41]} 12. Rac1 {[%emt 0:02:27]} Rc8 {[%emt 0:10:45]} 13. b3 {[%emt 0:03:41]} h6 {[%emt 0:12:09]} 14. Be3 {[%emt 0:01:41]} Qa5 {[%emt 0:03:40]} 15. Nd4 {[%emt 0:11:33]} e6 {[%emt 0:17:23]} 16. Rfd1 {[%emt 0:04:00]} Rfd8 {[%emt 0:01:57]} 17. h3 {[%emt 0:12:18]} h5 {[%emt 0:03:51]} 18. Qd2 {[%emt 0:07:06]} Kh7 {[%emt 0:08:42]} 19. Rc2 {[%emt 0:04:04]} Kg8 {[%emt 0:06:28]} 20. Nce2 {[%emt 0:02:58]} Qxd2 {[%emt 0:06:46]} 21. Rcxd2 {[%emt 0:00:19]} Nxd4 {[%emt 0:01:24]} 22. Nxd4 {[%emt 0:01:18]} Nf6 {[%emt 0:01:34]} 23. f3 {[%emt 0:00:05]} Ne8 {[%emt 0:02:36]} 24. a4 {[%emt 0:01:37]} Rd7 {[%emt 0:04:17]} 25. Ne2 {[%emt 0:01:30]} Rdc7 {[%emt 0:00:30]} 26. Kf2 {[%emt 0:02:51]} Kf8 {[%emt 0:00:02]} 27. g4 {[%emt 0:00:07]} hxg4 {[%emt 0:00:42]} 28. hxg4 {[%emt 0:00:03]} Ke7 {[%emt 0:00:44]} 29. g5 {[%emt 0:00:23]} Rc6 {[%emt 0:01:51]} 30. Rh1 {[%emt 0:01:57]} b6 {[%emt 0:00:58]} 31. f4 {[%emt 0:00:17]} Rb8 {[%emt 0:00:37]} 32. Kf3 {[%emt 0:02:27]} b5 {[%emt 0:00:17]} 33. cxb5 {[%emt 0:00:08]} axb5 {[%emt 0:00:01]} 34. a5 {[%emt 0:00:07]} b4 {[%emt 0:01:06]} 35. Rc1 {[%emt 0:01:34]} Rxc1 {[%emt 0:00:36]} 36. Nxc1 {[%emt 0:00:02]} Nc7 {[%emt 0:00:24]} 37. Rc2 {[%emt 0:01:41]} Kd7 {[%emt 0:00:29]} 38. Bb6 {[%emt 0:03:42]} Na6 {[%emt 0:00:22]} 39. Nd3 {[%emt 0:02:35]} Rh8 {[%emt 0:00:59]} 40. e5 {[%emt 0:00:51]} dxe5 {[%emt 0:00:20]} 41. Nc5+ {[%emt 0:01:53]} Nxc5 {[%emt 0:00:02]} 42. Rxc5 {[%emt 0:00:04]} Rc8 {[%emt 0:01:09]} 43. fxe5 {[%emt 0:03:21]} Rxc5 {[%emt 0:00:09]} 44. Bxc5 {[%emt 0:00:03]} Bxe5 {[%emt 0:00:17]} 45. Bxb4 {[%emt 0:00:21]} Kc6 {[%emt 0:00:18]} 46. Ke4 {[%emt 0:00:08]} Bg3 {[%emt 0:00:54]} 47. Bd2 {[%emt 0:00:35]} Kb5 {[%emt 0:00:19]} 48. b4 {[%emt 0:01:27]} Bd6 {[%emt 0:00:16]} 49. Kd4 {[%emt 0:00:10]} Bc7 {[%emt 0:00:46]} 50. Ke4 {[%emt 0:00:23]} Bd6 {[%emt 0:00:05]} 51. Kd4 {[%emt 0:00:39]} Bc7 {[%emt 0:00:04]} 52. Ke4 {[%emt 0:00:21]} Bd6 {[%emt 0:00:03]} 1/2-1/2

[Event "9th RTU Open 2019"]
[Site "Riga"]
[Date "2019.08.08"]
[Round "5.7"]
[White "Laurusas, Tomas"]
[Black "Michalik, Peter"]
[Result "1/2-1/2"]
[WhiteElo "2511"]
[BlackElo "2573"]
[Annotator "ChessBase"]
[PlyCount "21"]
[EventDate "2019.08.05"]
[EventType "swiss"]
[EventCountry "LAT"]
[SourceTitle "playchess.com"]
[Source "ChessBase"]
[SourceQuality "1"]
[TimeControl "5400+30"]

1. d4 {[%emt 0:00:00]} Nf6 {[%emt 0:01:15]} 2. c4 {[%emt 0:00:00]} e6 {[%emt 0:00:08]} 3. Nf3 {[%emt 0:00:00]} d5 {[%emt 0:00:08]} 4. Nc3 {[%emt 0:00:09]} Bb4 {[%emt 0:00:07]} 5. cxd5 {[%emt 0:01:22]} exd5 {[%emt 0:00:07]} 6. Bg5 {[%emt 0:00:05]} h6 {[%emt 0:00:27]} 7. Bh4 {[%emt 0:00:06]} Bf5 {[%emt 0:02:28]} 8. e3 {[%emt 0:20:31]} Nbd7 {[%emt 0:01:02]} 9. Bd3 {[%emt 0:03:39]} Bxd3 {[%emt 0:05:33]} 10. Qxd3 {[%emt 0:00:14]} c6 {[%emt 0:00:06]} 11. O-O {[%emt 0:01:10]} 1/2-1/2

[Event "9th RTU Open 2019"]
[Site "Riga"]
[Date "2019.08.08"]
[Round "5.8"]
[White "Theodorou, Nikolas"]
[Black "Salomon, Johan"]
[Result "1/2-1/2"]
[WhiteElo "2543"]
[BlackElo "2514"]
[Annotator "ChessBase"]
[PlyCount "78"]
[EventDate "2019.08.05"]
[EventType "swiss"]
[EventCountry "LAT"]
[SourceTitle "playchess.com"]
[Source "ChessBase"]
[SourceQuality "1"]
[TimeControl "5400+30"]

1. Nf3 {[%emt 0:05:37]} c5 {[%emt 0:00:00]} 2. c4 {[%emt 0:00:11]} Nc6 {[%emt 0:00:00]} 3. g3 {[%emt 0:01:34]} g6 {[%emt 0:00:15]} 4. d4 {[%emt 0:03:26]} cxd4 {[%emt 0:00:13]} 5. Nxd4 {[%emt 0:00:07]} Bg7 {[%emt 0:00:12]} 6. Nc2 {[%emt 0:06:46]} d6 {[%emt 0:00:23]} 7. Bg2 {[%emt 0:00:27]} h5 {[%emt 0:06:16]} 8. h4 {[%emt 0:01:14]} Nh6 {[%emt 0:01:48]} 9. Nc3 {[%emt 0:02:25]} Bxc3+ {[%emt 0:05:04]} 10. bxc3 {[%emt 0:00:05]} Ng4 {[%emt 0:01:35]} 11. O-O {[%emt 0:02:17]} O-O {[%emt 0:01:05]} 12. Nb4 {[%emt 0:08:18]} Bd7 {[%emt 0:00:14]} 13. Rb1 {[%emt 0:06:34]} Rb8 {[%emt 0:19:59]} 14. Bf4 {[%emt 0:07:03]} Qa5 {[%emt 0:09:38]} 15. Qd5 {[%emt 0:08:00]} Qxd5 {[%emt 0:01:35]} 16. cxd5 {[%emt 0:02:14]} Na5 {[%emt 0:02:33]} 17. f3 {[%emt 0:02:36]} Ne5 {[%emt 0:02:07]} 18. Bxe5 {[%emt 0:01:21]} dxe5 {[%emt 0:00:12]} 19. Nd3 {[%emt 0:01:05]} f6 {[%emt 0:00:49]} 20. Nc5 {[%emt 0:02:45]} Rfd8 {[%emt 0:01:07]} 21. f4 {[%emt 0:00:35]} exf4 {[%emt 0:01:13]} 22. gxf4 {[%emt 0:15:49]} Bg4 {[%emt 0:01:46]} 23. Kf2 {[%emt 0:03:04]} Rdc8 {[%emt 0:07:34]} 24. Rb5 {[%emt 0:01:48]} b6 {[%emt 0:00:06]} 25. Rfb1 {[%emt 0:01:32]} Nc4 {[%emt 0:01:25]} 26. Na6 {[%emt 0:00:07]} Na3 {[%emt 0:13:04]} 27. Nxb8 {[%emt 0:00:09]} Rxb8 {[%emt 0:00:07]} 28. Be4 {[%emt 0:02:21]} Rc8 {[%emt 0:07:13]} 29. R5b3 {[%emt 0:00:43]} Nxb1 {[%emt 0:00:08]} 30. Bxb1 {[%emt 0:00:05]} Rc4 {[%emt 0:00:22]} 31. Ke3 {[%emt 0:03:40]} Bf5 {[%emt 0:01:05]} 32. Bxf5 {[%emt 0:00:46]} gxf5 {[%emt 0:00:02]} 33. Ra3 {[%emt 0:00:23]} a5 {[%emt 0:00:49]} 34. Rb3 {[%emt 0:00:39]} a4 {[%emt 0:00:42]} 35. Rxb6 {[%emt 0:00:07]} Rxc3+ {[%emt 0:00:03]} 36. Kd2 {[%emt 0:03:40]} Ra3 {[%emt 0:00:44]} 37. Rb2 {[%emt 0:00:09]} Rh3 {[%emt 0:00:07]} 38. Rb4 {[%emt 0:02:22]} Ra3 {[%emt 0:05:05]} 39. Rb2 {[%emt 0:00:05]} Rh3 {[%emt 0:00:09]} 1/2-1/2

[Event "9th RTU Open 2019"]
[Site "Riga"]
[Date "2019.08.08"]
[Round "5.9"]
[White "Lobanov, Sergei"]
[Black "Meshkovs, Nikita"]
[Result "1/2-1/2"]
[WhiteElo "2505"]
[BlackElo "2550"]
[Annotator "ChessBase"]
[PlyCount "93"]
[EventDate "2019.08.05"]
[EventType "swiss"]
[EventCountry "LAT"]
[SourceTitle "playchess.com"]
[Source "ChessBase"]
[SourceQuality "1"]
[TimeControl "5400+30"]

1. e4 {[%emt 0:01:18]} e5 {[%emt 0:00:00]} 2. Nf3 {[%emt 0:00:05]} Nc6 {[%emt 0:00:00]} 3. Bb5 {[%emt 0:00:15]} a6 {[%emt 0:00:05]} 4. Ba4 {[%emt 0:00:05]} Nf6 {[%emt 0:00:06]} 5. O-O {[%emt 0:00:06]} Nxe4 {[%emt 0:00:07]} 6. d4 {[%emt 0:00:12]} b5 {[%emt 0:00:06]} 7. Bb3 {[%emt 0:00:04]} d5 {[%emt 0:00:07]} 8. dxe5 {[%emt 0:00:05]} Be6 {[%emt 0:00:06]} 9. Nbd2 {[%emt 0:00:15]} Nc5 {[%emt 0:00:11]} 10. c3 {[%emt 0:00:11]} Be7 {[%emt 0:00:09]} 11. Bc2 {[%emt 0:00:07]} d4 {[%emt 0:00:04]} 12. Nb3 {[%emt 0:00:31]} d3 {[%emt 0:00:10]} 13. Bb1 {[%emt 0:00:14]} Nxb3 {[%emt 0:00:09]} 14. axb3 {[%emt 0:00:04]} Bf5 {[%emt 0:00:07]} 15. Be3 {[%emt 0:00:11]} O-O {[%emt 0:00:55]} 16. Re1 {[%emt 0:00:38]} h6 {[%emt 0:18:21]} 17. Bd4 {[%emt 0:03:23]} Nxd4 {[%emt 0:13:43]} 18. Nxd4 {[%emt 0:00:37]} Bg6 {[%emt 0:00:06]} 19. Bxd3 {[%emt 0:02:02]} Bxd3 {[%emt 0:04:19]} 20. Nc6 {[%emt 0:00:24]} Qd7 {[%emt 0:00:01]} 21. Nxe7+ {[%emt 0:00:08]} Qxe7 {[%emt 0:00:04]} 22. Qxd3 {[%emt 0:00:06]} Rfd8 {[%emt 0:00:05]} 23. Qe4 {[%emt 0:03:56]} Qe6 {[%emt 0:00:26]} 24. b4 {[%emt 0:01:38]} Rd5 {[%emt 0:00:26]} 25. Rad1 {[%emt 0:05:50]} Rad8 {[%emt 0:01:00]} 26. Rxd5 {[%emt 0:00:53]} Qxd5 {[%emt 0:05:17]} 27. Qxd5 {[%emt 0:00:43]} Rxd5 {[%emt 0:00:02]} 28. f4 {[%emt 0:00:59]} c5 {[%emt 0:11:29]} 29. bxc5 {[%emt 0:09:18]} Rxc5 {[%emt 0:00:20]} 30. Ra1 {[%emt 0:18:34]} b4 {[%emt 0:07:55]} 31. cxb4 {[%emt 0:00:07]} Rc4 {[%emt 0:00:02]} 32. f5 {[%emt 0:00:42]} Rxb4 {[%emt 0:01:47]} 33. Rxa6 {[%emt 0:02:30]} Rxb2 {[%emt 0:00:33]} 34. Ra8+ {[%emt 0:00:04]} Kh7 {[%emt 0:00:05]} 35. g4 {[%emt 0:00:03]} Re2 {[%emt 0:27:23]} 36. Re8 {[%emt 0:00:21]} h5 {[%emt 0:02:33]} 37. gxh5 {[%emt 0:20:19]} Re4 {[%emt 0:01:36]} 38. Re7 {[%emt 0:00:06]} Rg4+ {[%emt 0:02:26]} 39. Kh1 {[%emt 0:00:33]} Kg8 {[%emt 0:02:04]} 40. h6 {[%emt 0:03:35]} gxh6 {[%emt 0:00:16]} 41. Re8+ {[%emt 0:04:54]} Kh7 {[%emt 0:00:39]} 42. Re7 {[%emt 0:00:15]} Kg8 {[%emt 0:00:05]} 43. f6 {[%emt 0:00:25]} h5 {[%emt 0:00:28]} 44. h3 {[%emt 0:08:21]} Rf4 {[%emt 0:00:06]} 45. Kg2 {[%emt 0:07:01]} h4 {[%emt 0:00:02]} 46. Ra7 {[%emt 0:00:06]} Rf5 {[%emt 0:00:13]} 47. Ra4 {[%emt 0:01:56]} 1/2-1/2

[Event "9th RTU Open 2019"]
[Site "Riga"]
[Date "2019.08.08"]
[Round "5.10"]
[White "Hirneise, Tobias"]
[Black "Deepan Chakkravarthy J."]
[Result "0-1"]
[WhiteElo "2459"]
[BlackElo "2532"]
[Annotator "ChessBase"]
[PlyCount "56"]
[EventDate "2019.08.05"]
[EventType "swiss"]
[EventCountry "LAT"]
[SourceTitle "playchess.com"]
[Source "ChessBase"]
[SourceQuality "1"]
[TimeControl "5400+30"]

1. d4 {[%emt 0:00:00]} Nf6 {[%emt 0:01:12]} 2. c4 {[%emt 0:00:00]} e6 {[%emt 0:00:55]} 3. Nf3 {[%emt 0:00:00]} c5 {[%emt 0:02:18]} 4. d5 {[%emt 0:01:02]} exd5 {[%emt 0:00:07]} 5. cxd5 {[%emt 0:00:01]} d6 {[%emt 0:00:09]} 6. Nc3 {[%emt 0:00:08]} g6 {[%emt 0:00:10]} 7. h3 {[%emt 0:04:34]} Bg7 {[%emt 0:00:11]} 8. e4 {[%emt 0:00:04]} O-O {[%emt 0:00:11]} 9. Bg5 {[%emt 0:00:49]} h6 {[%emt 0:02:41]} 10. Be3 {[%emt 0:00:53]} Na6 {[%emt 0:04:35]} 11. Bxa6 {[%emt 0:02:51]} bxa6 {[%emt 0:00:11]} 12. O-O {[%emt 0:00:42]} Re8 {[%emt 0:00:59]} 13. Qc2 {[%emt 0:01:49]} Rb8 {[%emt 0:00:43]} 14. Nd2 {[%emt 0:05:56]} a5 {[%emt 0:01:17]} 15. Rfe1 {[%emt 0:09:51]} Ba6 {[%emt 0:01:52]} 16. Bf4 {[%emt 0:02:36]} Qc7 {[%emt 0:05:57]} 17. Nf3 {[%emt 0:05:49]} Nd7 {[%emt 0:00:52]} 18. Rac1 {[%emt 0:03:26]} g5 {[%emt 0:09:19]} 19. Bh2 {[%emt 0:03:21]} c4 {[%emt 0:01:41]} 20. a4 {[%emt 0:09:36]} Rb4 {[%emt 0:03:54]} 21. e5 {[%emt 0:04:04]} Nxe5 {[%emt 0:07:34]} 22. Bxe5 {[%emt 0:06:06]} dxe5 {[%emt 0:00:02]} 23. h4 {[%emt 0:01:19]} Qb6 {[%emt 0:01:11]} 24. Qe4 {[%emt 0:06:40]} Rxb2 {[%emt 0:00:45]} 25. Nd1 {[%emt 0:00:37]} Rb4 {[%emt 0:00:51]} 26. hxg5 {[%emt 0:02:59]} c3 {[%emt 0:02:13]} 27. Qc2 {[%emt 0:02:14]} e4 {[%emt 0:00:42]} 28. gxh6 {[%emt 0:08:00]} Qxh6 {[%emt 0:01:48]} 0-1

[Event "9th RTU Open 2019"]
[Site "Riga"]
[Date "2019.08.08"]
[Round "5.11"]
[White "Bauer, Christian"]
[Black "Vogel, Roven"]
[Result "1/2-1/2"]
[WhiteElo "2646"]
[BlackElo "2456"]
[Annotator "ChessBase"]
[PlyCount "53"]
[EventDate "2019.08.05"]
[EventType "swiss"]
[EventCountry "LAT"]
[SourceTitle "playchess.com"]
[Source "ChessBase"]
[SourceQuality "1"]
[TimeControl "5400+30"]

1. e4 {[%emt 0:00:38]} c6 {[%emt 0:00:07]} 2. Nf3 {[%emt 0:00:00]} d5 {[%emt 0:00:09]} 3. exd5 {[%emt 0:00:00]} cxd5 {[%emt 0:00:06]} 4. Ne5 {[%emt 0:00:00]} Nc6 {[%emt 0:00:27]} 5. d4 {[%emt 0:00:00]} a6 {[%emt 0:02:10]} 6. Bf4 {[%emt 0:07:45]} e6 {[%emt 0:03:35]} 7. c3 {[%emt 0:04:32]} Bd6 {[%emt 0:01:43]} 8. Qg4 {[%emt 0:05:45]} Kf8 {[%emt 0:10:24]} 9. Bd3 {[%emt 0:14:10]} f6 {[%emt 0:04:20]} 10. Nxc6 {[%emt 0:01:38]} bxc6 {[%emt 0:00:02]} 11. Qg3 {[%emt 0:02:50]} e5 {[%emt 0:04:27]} 12. dxe5 {[%emt 0:00:05]} Qe7 {[%emt 0:00:23]} 13. e6 {[%emt 0:01:01]} Qxe6+ {[%emt 0:01:07]} 14. Kf1 {[%emt 0:00:33]} Bxf4 {[%emt 0:13:38]} 15. Qxf4 {[%emt 0:00:02]} Ne7 {[%emt 0:02:11]} 16. Nd2 {[%emt 0:00:36]} Qe5 {[%emt 0:03:30]} 17. Qb4 {[%emt 0:01:20]} Rb8 {[%emt 0:03:23]} 18. Qa3 {[%emt 0:00:30]} Kf7 {[%emt 0:00:28]} 19. Re1 {[%emt 0:06:16]} Qc7 {[%emt 0:01:57]} 20. h4 {[%emt 0:17:44]} Ng6 {[%emt 0:03:29]} 21. Nc4 {[%emt 0:02:27]} c5 {[%emt 0:02:55]} 22. Ne3 {[%emt 0:03:21]} Be6 {[%emt 0:12:12]} 23. c4 {[%emt 0:09:26]} d4 {[%emt 0:00:42]} 24. Nd5 {[%emt 0:00:36]} Qd6 {[%emt 0:00:20]} 25. Be4 {[%emt 0:06:26]} Ne5 {[%emt 0:04:28]} 26. b3 {[%emt 0:00:28]} f5 27. Bb1 {[%emt 0:00:26]} 1/2-1/2